Podnikové vzdelávanie vo vzťahu k produktivite práce

Na minha lista:
Detalhes bibliográficos
Autor principal: Olexová, Cecília, 1976-
Formato: Capítulo de Livro
Idioma:eslovaco
Tags: Adicionar Tag
Sem tags, seja o primeiro a adicionar uma tag!

MARC

LEADER 00000naa$a2200000$$$4500
001 0064607
005 20240502083156.0
041 0 |a slo 
044 |a CZ 
245 1 0 |a Podnikové vzdelávanie vo vzťahu k produktivite práce  |c Cecília Olexová 
100 1 |a Olexová, Cecília, 1976-